000 00504nam a2200169Ia 4500
999 _c10275
_d10275
003 OSt
005 20200103102658.0
008 190216s9999||||xx |||||||||||||| ||und||
040 _coclc
082 _a332.153
_bDES/D
100 _aDesai, Vasant
_9846
245 0 _aDevelopment Banking Issues And Options /
_cVasant Desai
260 _bHimalaya Publishing House,
_c1988.
_aNew Delhi:
300 _a483p
650 _aEconomics
942 _cBK
_2ddc
_h332.153
_iDES/D
_k332.153
_mDES/D